000 00467nam a2200133Ia 4500
008 231129s2012||||xx |||||||||||||| ||spa||
020 _a978-958-722-174-9
040 _bspa
082 _a373.986132 Z87
245 0 _aZonas de Orientación Escolar. Experiencia Institucion Educativa Hugo íngel Jaramillo (Comunidad del Café. Pereira - Risaralda)
260 _c2012
264 _aPereira Colombia : Publiprint
942 _2ddc
_cBKS
999 _c26542
_d26542